000 00566nam a2200193Ia 4500
008 210417s9999 xx 000 0 und d
020 _a9780070683518
020 _b70683514
082 _a005.758 VEL
082 _b22.005.758 VEL
245 0 _aCloud computing : a practical approach
245 0 _cCloud computing a practical approach
250 _b"xviii, 334 p. : ill. ; 24 cm., pbk."
260 _aNew Delhi
260 _bMcGraw-Hill
260 _c2010
700 _a"Velte, Anthony T"
700 _b"Anthony T. Velte, Toby J. Velte, Robert Elsenpeter."
999 _c469054
_d469054